Využívanie IT ako prostriedku pre e-vzdelávanie

Zapojenie sa do rôznych projektov ako jedna z možností ako vykryť vstupné náklady na e-vzdelávanie.Využívanie projektov Ministerstva školstva SR na roky 2004 a 2005 na Katedre aplikovanej informatiky a výpočtovej techniky NHF EU v Bratislave. Ciele týchto projektov. Výstupy projektov.

Gespeichert in:
Bibliographische Detailangaben
1. Verfasser: Ščesný, Radovan
Format: Buchkapitel
Sprache:Slowakisch
Schlagworte:
Tags: Tag hinzufügen
Keine Tags, Fügen Sie das erste Tag hinzu!

MARC

LEADER 00000naa$a2200000$$$4500
001 0055325
005 20240502071631.3
041 0 |a slo 
044 |a SK 
245 1 0 |a Využívanie IT ako prostriedku pre e-vzdelávanie  |c Radovan Ščesný 
520 |a Zapojenie sa do rôznych projektov ako jedna z možností ako vykryť vstupné náklady na e-vzdelávanie.Využívanie projektov Ministerstva školstva SR na roky 2004 a 2005 na Katedre aplikovanej informatiky a výpočtovej techniky NHF EU v Bratislave. Ciele týchto projektov. Výstupy projektov. 
610 2 0 |a technológie informačné 
610 2 0 |a technológie komunikačné 
610 2 0 |a vzdelávanie elektronické 
610 2 0 |a vzdelávanie vysokoškolské 
610 2 0 |a informatika 
610 2 0 |a projekty 
100 1 |a Ščesný, Radovan